AH International Schools' Libraries

Smoot: A Rebellious Shadow (Record no. 49102)

MARC details
000 -LEADER
fixed length control field 00391nam a22001217a 4500
008 - FIXED-LENGTH DATA ELEMENTS--GENERAL INFORMATION
fixed length control field 250804b |||||||| |||| 00| 0 eng d
020 ## - INTERNATIONAL STANDARD BOOK NUMBER
International Standard Book Number 9780525429692
100 ## - MAIN ENTRY--PERSONAL NAME
Personal name Michelle Cuevas (Author), Sydney Smith (Illustrator)
9 (RLIN) 86449
245 ## - TITLE STATEMENT
Title Smoot: A Rebellious Shadow
260 ## - PUBLICATION, DISTRIBUTION, ETC. (IMPRINT)
Place of publication, distribution, etc New York
Name of publisher, distributor, etc Rocky Pond Books
Date of publication, distribution, etc 2017
300 ## - PHYSICAL DESCRIPTION
Extent 48 pages
Other physical details col. ill.
Dimensions 10.25 x 0.39 x 10.31 inches
942 ## - ADDED ENTRY ELEMENTS (KOHA)
Source of classification or shelving scheme
Holdings
Withdrawn status Lost status Source of classification or shelving scheme Damaged status Not for loan Collection code Home library Current library Date acquired Total Checkouts Full call number Barcode Date last seen Price effective from Koha item type
          Siem Reap Asian Hope Siem Reap Asian Hope Siem Reap 08/04/2025   FIC MIC 209102 08/04/2025 08/04/2025 Book

For any Logos Library related questions please contact Miss Art at swongnarasuk@asianhope.org.

For any Asian Hope Library related questions please contact Miss Raza at graza@asianhope.org.

Click here to explore our ebooks!

Powered by Koha